| 000 | 00000nas 2200000zi 4500 |
| 001 | 9.507880 |
| 003 | CaOODSP |
| 005 | 20250129110021 |
| 006 | m o d f |
| 007 | cr ||||||||||| |
| 008 | 150406d20072008oncqr p o||||f0 a0eng|d |
| 022 | |y1916-0844 |
| 040 | |aCaOODSP|beng|erda|cCaOODSP |
| 043 | |an-cn-nt |
| 086 | 1 |aR72-1E-PDF |
| 110 | 1 |aCanada.|bIndian and Northern Affairs Canada. |bNWT Region, |eauthor, |eissuing body. |
| 245 | 10|aIndian & Inuit services. |
| 246 | 3 |aIndian and Inuit services |
| 264 | 1|aOttawa : |bIndian and Northern Affairs Canada, |c2007-2008. |
| 310 | |aQuarterly |
| 336 | |atext|btxt|2rdacontent |
| 337 | |acomputer|bc|2rdamedia |
| 338 | |aonline resource|bcr|2rdacarrier |
| 362 | 1 |aBegan with : Summer 2007; ceased with : Spring 2008. |
| 500 | |aIssued also in French under title: Services aux Indiens et aux Inuits. |
| 650 | 0|aIndigenous peoples|zNorthwest Territories|xGovernment relations|vPeriodicals. |
| 650 | 0|aInuit|xServices for|zNorthwest Territories|vPeriodicals. |
| 655 | 7|aPeriodicals|2lcgft |
| 775 | 08|tServices aux Indiens et aux Inuits.|w(CaOODSP)9.504257 |